000 nam a22 7a 4500
999 _c8177
_d8177
008 171207b xxu||||| |||| 00| 0 eng d
100 _aSanjeev Kumar
_94610
245 _aMathematics-7
260 _aNew Delhi